Toxicological chemistry and biochemistry/ (Record no. 53843)
[ view plain ]
| 000 -LEADER | |
|---|---|
| fixed length control field | 00762nam a2200241 4500 |
| 001 - CONTROL NUMBER | |
| control field | 53843 |
| 003 - CONTROL NUMBER IDENTIFIER | |
| rucl marc code | BD-RjUL |
| 005 - DATE AND TIME OF LATEST TRANSACTION | |
| control field | 20211209080029.0 |
| 008 - FIXED-LENGTH DATA ELEMENTS--GENERAL INFORMATION | |
| fixed length control field | 161027s2003 nyu||||| |||| 00| 0 eng d |
| 020 ## - INTERNATIONAL STANDARD BOOK NUMBER | |
| International Standard Book Number | 9781566706186 |
| 035 ## - SYSTEM CONTROL NUMBER | |
| System control number | (BD-RjUL)53965 |
| 040 ## - CATALOGING SOURCE | |
| Original cataloging agency | BD-RjUL |
| Language of cataloging | ENG |
| Transcribing agency | BD-RjUL |
| Modifying agency | BD-RjUL |
| 041 ## - LANGUAGE CODE | |
| Language code of text/sound track or separate title | ENG |
| 082 ## - DEWEY DECIMAL CLASSIFICATION NUMBER | |
| Edition number | 23 |
| Classification number | 615.900154 |
| Author mark and year | MAT 2003 |
| 100 ## - MAIN ENTRY--PERSONAL NAME | |
| Personal name | Manahan, Stanley E |
| 9 (RLIN) | 160826 |
| 245 ## - TITLE STATEMENT | |
| Title | Toxicological chemistry and biochemistry/ |
| Statement of responsibility, etc. | Stanley E Manahan. |
| 250 ## - EDITION STATEMENT | |
| Edition statement | 3rd ed. |
| 260 ## - PUBLICATION, DISTRIBUTION, ETC. (IMPRINT) | |
| Place of publication, distribution, etc. | Boca Raton, Fla. : |
| Name of publisher, distributor, etc. | Lewis Pub., |
| Date of publication, distribution, etc. | ©2003. |
| 300 ## - PHYSICAL DESCRIPTION | |
| Pagination | [22], 425p. : |
| Illustrations | illustrations ; |
| Size | 26 cm. |
| 500 ## - GENERAL NOTE | |
| General note | Includes index |
| 650 ## - SUBJECT ADDED ENTRY--TOPICAL TERM | |
| Source of heading or term | Toxicological chemistry. |
| Topical term or geographic name as entry element | Environmental chemistry. |
| General subdivision | Biochemical toxicology. |
| 9 (RLIN) | 160827 |
| 942 ## - ADDED ENTRY ELEMENTS (KOHA) | |
| Source of classification or shelving scheme | Dewey Decimal Classification |
| Koha item type | Books |
| Lost status | Source of classification or shelving scheme | Damaged status | Not for loan | Permanent Location | Current Location | Shelving location | Date acquired | Source of acquisition | Cost, normal purchase price | Total Checkouts | Full call number | Date last seen | Copy number | Koha item type |
|---|---|---|---|---|---|---|---|---|---|---|---|---|---|---|
| Dewey Decimal Classification | Not For Loan | Institute of Biological Sciences (IBSc) Library | Institute of Biological Sciences (IBSc) Library | Institute Library | 27/10/2016 | KARIM INT. | 6950.00 | 615.900154 MAT 2003 | 27/10/2016 | C-1 | Books |